000 02006aam a2200337 i 4500
001 768714001
003 CO-MdFUSB
005 20241108092118.0
007 ta
008 241108t2004 ck |||| |||| 00| 0 spa d
020 _a1-55883-410-9
040 _cCO-MdFUSB
041 0 _aspa
082 0 4 _a266
_223
_bG8161
100 1 _aGreenway, Rogelio S. (Roger)
_eautor
240 _aGo and make disciles
245 1 0 _a¡Vayan y hagan discípulos! :
_buna introducción a las misiones cristianas
_c/ Roger S. Greenway ; traducido por Adriana Powell
264 1 _bLibros Desafío,
_aGrand Rapids, Estados Unidos :
_c[2004]
264 4 _c©2004
300 _a204 páginas
_c; 23 cm
336 _atexto
_btxt
_2rdacontent
337 _2rdamedia
_asin mediación
_bn
338 _2rdacarrier
_avolumen
_bnc
505 _gParte I:
_tEl mundo al que Cristo nos envía:
_aCambios a nivel mundial. -- Los misioneros, colaboradores de Dios. -- La motivación para las misiones.
_gParte II:
_tFundamentos bíblicos para las misiones:
_aEl Antiguo Testamento, base de las misiones. -- Las misiones en los cuatro Evangelios. -- Las misiones en Hechos y en las Epístolas. -- El Espíritu Santo y las misiones. -- Los métodos misioneros del apóstol Pablo. -- El evangelio frente a otras religiones, .. El carácter único y definitivo de Jesucristo. -- La oración y las misiones.
_gParte III:
_tTemas en la misión:
_aLos ministerios de oración, sanidad y exorcismo. -- El desarrollo del liderazgo, para el crecimiento de la iglesia. -- El desafío de las ciudades. -- Las misiones incluyen palabra y obras. -- Los pastores, el evangelismo y las misiones. -- Sostén financiero para las misiones. -- El ética del evangelismo y las misiones. -- Las misiones y la unidad entre los cristianos. -- Preparándose para ser un misionero.
563 _aRústico
650 0 _aMisiones
_9154
650 0 _aEvangelización
_9362
700 _aPowell, Adriana‏
_91653
_etraductor
942 _cBK
945 _aJTF-925
999 _c37655
_d37655